[Event "FRA-chT4 1516"]
[Site "Champagne Ardenne"]
[Date "2016.03.20"]
[Round "2"]
[White "Brodier, Thierry"]
[Black "Brun, Francoise"]
[Result "0-1"]
[WhiteElo "1675"]
[BlackElo "1831"]
[PlyCount "78"]
[EventDate "2015.12.06"]
[EventType "team-tourn"]
[EventRounds "7"]
[EventCountry "FRA"]
[SourceTitle "EXT 2024"]
[Source "ChessBase"]
[SourceDate "2023.10.10"]
[SourceVersion "1"]
[SourceVersionDate "2023.10.10"]
[SourceQuality "1"]

1. d4 Nf6 2. Nf3 g6 3. Nc3 Bg7 4. e4 d6 5. Bc4 0-0 6. Be3 Nbd7 7. Qd2 a6 8. 0-0-0 b5 9. Bxf7+ Rxf7 10. Ng5 Nb6 11. Nxf7 Kxf7 12. f3 Nc4 13. Qe2 Nxe3 14. Qxe3 Bb7 15. Rhe1 e6 16. Qf4 Qf8 17. g4 Kg8 18. Qg3 Nd7 19. Ne2 Rc8 20. Nf4 Qe7 21. h4 c5 22. Ne2 c4 23. a3 a5 24. c3 d5 25. exd5 Bxd5 26. g5 b4 27. axb4 axb4 28. Nf4 Qd6 29. Qg4 Qa6 30. Nxd5 Qa1+ 31. Kd2 Qxb2+ 32. Ke3 exd5 33. Qxd7 Qxc3+ 34. Ke2 Rf8 35. Qxd5+ Kh8 36. Rc1 Qd3+ 37. Kf2 Bxd4+ 38. Kg2 Qd2+ 39. Kg3 Bf2+ 0-1

[Event "FRA-chT4 1314"]
[Site "Champagne Ardenne"]
[Date "2014.02.02"]
[Round "5"]
[White "Brodier, Thierry"]
[Black "Halfaoui, Eddine"]
[Result "0-1"]
[WhiteElo "1675"]
[BlackElo "1921"]
[PlyCount "40"]
[EventDate "2013.10.25"]
[EventType "team-tourn"]
[EventRounds "7"]
[EventCountry "FRA"]
[SourceTitle "EXT 2024"]
[Source "ChessBase"]
[SourceDate "2023.10.10"]
[SourceVersion "1"]
[SourceVersionDate "2023.10.10"]
[SourceQuality "1"]

1. d4 c6 2. Nf3 d5 3. e3 Nf6 4. Bd3 Bg4 5. Nbd2 e6 6. c3 Nbd7 7. e4 dxe4 8. Nxe4 Nxe4 9. Bxe4 Nf6 10. Qc2 Nxe4 11. Qxe4 Bf5 12. Qe5 Rg8 13. Bf4 Be7 14. h3 Bf6 15. Qe2 Qd5 16. 0-0 g5 17. Be5 g4 18. hxg4 Bxg4 19. Bxf6 Bxf3 20. Qd3 Rxg2+ 0-1

[Event "FRA-chT4 1314"]
[Site "Champagne Ardenne"]
[Date "2013.10.13"]
[Round "1"]
[White "Brodier, Thierry"]
[Black "Samakar, Siavosh"]
[Result "1/2-1/2"]
[WhiteElo "1655"]
[BlackElo "1810"]
[PlyCount "97"]
[EventDate "2013.10.25"]
[EventType "team-tourn"]
[EventRounds "7"]
[EventCountry "FRA"]
[SourceTitle "EXT 2024"]
[Source "ChessBase"]
[SourceDate "2023.10.10"]
[SourceVersion "1"]
[SourceVersionDate "2023.10.10"]
[SourceQuality "1"]

1. e4 c5 2. Nc3 Nc6 3. f4 e6 4. Nf3 d6 5. d3 Qc7 6. g3 Rb8 7. Bg2 b5 8. a3 Nf6 9. Qe2 Nd4 10. Nxd4 cxd4 11. Nd1 e5 12. c3 Bg4 13. Bf3 Bxf3 14. Qxf3 h5 15. h3 Rc8 16. Bd2 Qb7 17. fxe5 dxe5 18. 0-0 Bc5 19. Kg2 0-0 20. Bg5 Be7 21. Bxf6 Bxf6 22. Qxh5 g6 23. Qf3 Bg7 24. Rc1 a5 25. Nf2 dxc3 26. bxc3 f5 27. Qe2 f4 28. Ng4 b4 29. Qa2+ Kh8 30. axb4 axb4 31. cxb4 f3+ 32. Kh1 Rxc1 33. Rxc1 Qxb4 34. Rf1 Qd4 35. Qd2 Kh7 36. Qd1 f2 37. Kg2 Bh6 38. Rxf2 Rxf2+ 39. Nxf2 Qb2 40. Qf3 Qd4 41. Qf7+ Bg7 42. h4 Qd8 43. h5 gxh5 44. Qxh5+ Kg8 45. Qf5 Qb8 46. Ng4 Qb6 47. Nxe5 Qb2+ 48. Kf3 Bxe5 49. Qc8+ 1/2-1/2

[Event "FRA-chT4 0506"]
[Site "France"]
[Date "2006.01.15"]
[Round "4"]
[White "Brodier, Thierry"]
[Black "Brajon, Eric"]
[Result "1/2-1/2"]
[WhiteElo "1790"]
[BlackElo "1770"]
[PlyCount "40"]
[EventDate "2005.10.02"]
[EventType "team-tourn"]
[EventRounds "9"]
[EventCountry "FRA"]
[SourceTitle "EXT 2007"]
[Source "ChessBase"]
[SourceDate "2006.11.23"]
[SourceVersion "1"]
[SourceVersionDate "2006.11.23"]
[SourceQuality "1"]

1. e4 g6 2. d4 d6 3. Nf3 Bg7 4. Bc4 Nf6 5. Nc3 0-0 6. 0-0 a6 7. h3 b5 8. Bd3 Bb7 9. Re1 c5 10. dxc5 dxc5 11. e5 Nd5 12. Nxd5 Bxd5 13. Bf4 Nc6 14. Be4 Bxe4 15. Rxe4 Qxd1+ 16. Rxd1 Rfd8 17. Ree1 Rxd1 18. Rxd1 Rd8 19. Rxd8+ Nxd8 20. Kf1 Ne6 1/2-1/2

[Event "FRA-chT4"]
[Site "Ech Ardennais/La Francheville"]
[Date "2004.11.07"]
[Round "2"]
[White "Brodier, Thierry"]
[Black "Barbelin, Jean Pierre"]
[Result "0-1"]
[WhiteElo "1880"]
[BlackElo "1590"]
[PlyCount "116"]
[EventDate "2004.10.10"]
[EventType "team-tourn"]
[EventRounds "3"]
[EventCountry "FRA"]
[SourceTitle "EXT 2007"]
[Source "ChessBase"]
[SourceDate "2006.11.23"]
[SourceVersion "1"]
[SourceVersionDate "2006.11.23"]
[SourceQuality "1"]

1. e4 c5 2. Nf3 a6 3. d4 cxd4 4. Nxd4 Nf6 5. Nc3 d6 6. Bc4 e6 7. Bg5 Be7 8. Qd2 Qc7 9. Bb3 Nbd7 10. 0-0-0 Nc5 11. f3 0-0 12. Kb1 Rd8 13. h4 Nxb3 14. Nxb3 b5 15. g4 Bb7 16. Bxf6 Bxf6 17. g5 Bxc3 18. Qxc3 Qxc3 19. bxc3 Kf8 20. Na5 Rab8 21. Rh2 Ba8 22. Rhd2 Ke7 23. a3 e5 24. Nb3 Rd7 25. Nc1 Rf8 26. Ne2 f5 27. gxf6+ Rxf6 28. Rg1 Rxf3 29. Rxg7+ Ke6 30. Rg4 d5 31. exd5+ Rxd5 32. Rxd5 Bxd5 33. Kb2 Rf2 34. Nc1 Rf4 35. Rg7 Rf7 36. Rg8 e4 37. Ne2 Ke7 38. Rg5 Bc4 39. Re5+ Kf8 40. Rxe4 Re7 41. Rxe7 Kxe7 42. Ng3 Kf6 43. Ne4+ Kg6 44. Ng3 Kf6 45. Kc1 Ke5 46. Kd2 Kf4 47. Nh5+ Kf5 48. Ke3 h6 49. Kf3 Kg6 50. Nf4+ Kf5 51. Ng2 Bd5+ 52. Kg3 Bxg2 53. Kxg2 Kg4 54. Kh2 Kxh4 55. Kg2 Kg4 56. Kf2 Kf4 57. Kg2 Ke3 58. a4 Kd2 0-1

[Event "FRA-chT4 0304"]
[Site "Champagne Ardenne"]
[Date "2003.10.12"]
[Round "1"]
[White "Barnier, Christophe"]
[Black "Brodier, Thierry"]
[Result "1-0"]
[WhiteElo "1830"]
[BlackElo "1740"]
[PlyCount "69"]
[EventDate "2003.10.??"]
[EventRounds "6"]
[EventCountry "FRA"]
[SourceTitle "EXT 2005"]
[Source "ChessBase"]
[SourceDate "2004.11.15"]
[SourceVersion "1"]
[SourceVersionDate "2004.11.15"]
[SourceQuality "1"]

1. d4 Nf6 2. c4 c5 3. d5 b5 4. cxb5 a6 5. Nc3 axb5 6. Nxb5 Ba6 7. Nc3 d6 8. g3 g6 9. Bg2 Bg7 10. e4 Nbd7 11. Nge2 Ne5 12. 0-0 Rb8 13. Qa4+ Bb5 14. Nxb5 0-0 15. Nbc3 Rb4 16. Qc2 Qb8 17. b3 Rc8 18. f4 Ned7 19. Rb1 Qa7 20. Be3 Ng4 21. Qd2 Nxe3 22. Qxe3 Bd4 23. Nxd4 cxd4 24. Qf2 Rxc3 25. Kh1 Nc5 26. Qd2 Qa5 27. f5 Rd3 28. Qf4 f6 29. fxg6 hxg6 30. Qh6 Qxa2 31. Qxg6+ Kf8 32. Ra1 Qxb3 33. e5 dxe5 34. d6 Qf7 35. Ra8+ 1-0

[Event "Ardennes-ch 0102"]
[Site "Ardennes"]
[Date "2001.??.??"]
[Round "?"]
[White "Hentzien, Maxime"]
[Black "Brodier, Thierry"]
[Result "1/2-1/2"]
[WhiteElo "1720"]
[BlackElo "1610"]
[PlyCount "40"]
[EventDate "2001.??.??"]
[EventType "swiss"]
[EventRounds "9"]
[EventCountry "FRA"]
[SourceTitle "EXT 2008"]
[Source "ChessBase"]
[SourceDate "2007.11.25"]
[SourceVersion "1"]
[SourceVersionDate "2007.11.25"]
[SourceQuality "1"]

1. e4 c5 2. Nf3 d6 3. d4 cxd4 4. Nxd4 Nf6 5. Nc3 a6 6. Bg5 e6 7. f4 Nbd7 8. Qd2 Qc7 9. 0-0-0 b5 10. Bxb5 axb5 11. Ndxb5 Qb8 12. Nxd6+ Bxd6 13. Qxd6 Qxd6 14. Rxd6 Bb7 15. Rhd1 h6 16. Bh4 g5 17. fxg5 hxg5 18. Bxg5 Rxh2 19. e5 Nd5 20. Nxd5 Bxd5 1/2-1/2

[Event "Ardennes-ch 0102"]
[Site "Ardennes"]
[Date "2001.??.??"]
[Round "?"]
[White "Krauss, Jean Luc"]
[Black "Brodier, Thierry"]
[Result "0-1"]
[WhiteElo "1870"]
[BlackElo "1580"]
[PlyCount "58"]
[EventDate "2001.??.??"]
[EventType "swiss"]
[EventRounds "9"]
[EventCountry "FRA"]
[SourceTitle "EXT 2008"]
[Source "ChessBase"]
[SourceDate "2007.11.25"]
[SourceVersion "1"]
[SourceVersionDate "2007.11.25"]
[SourceQuality "1"]

1. e4 c5 2. c3 Nc6 3. d4 cxd4 4. cxd4 d6 5. Nc3 Nf6 6. Nf3 Bg4 7. Be2 g6 8. Be3 Bg7 9. Qd2 0-0 10. d5 Bxf3 11. gxf3 Ne5 12. 0-0-0 Rc8 13. Kb1 a6 14. Bh6 Bxh6 15. Qxh6 Qb6 16. Qe3 Qa5 17. Rc1 Nc4 18. Bxc4 Rxc4 19. Ne2 Rfc8 20. Rxc4 Rxc4 21. Rc1 Rxc1+ 22. Nxc1 Nd7 23. Qa7 Nc5 24. Kc2 Qe1 25. Qb6 Qxf2+ 26. Kb1 Qxf3 27. b4 Qxe4+ 28. Ka1 Qe5+ 29. Kb1 Na4 0-1